Challenge of sustainable development : (Record no. 125266)

MARC details
000 -LEADER
fixed length control field 00766nam a22002417a 4500
005 - DATE AND TIME OF LATEST TRANSACTION
control field 20170124105951.0
010 ## - LIBRARY OF CONGRESS CONTROL NUMBER
LC control number B-120338
020 ## - INTERNATIONAL STANDARD BOOK NUMBER
Terms of availability 00.00
International Standard Book Number 8178270757
035 ## - SYSTEM CONTROL NUMBER
System control number B-120338
037 ## - SOURCE OF ACQUISITION
Source of stock number/acquisition Cen Lib/Ret
040 ## - CATALOGING SOURCE
Original cataloging agency DPL
Language of cataloging EN
082 ## - DEWEY DECIMAL CLASSIFICATION NUMBER
Classification number 338.9
Item number CHA
245 ## - TITLE STATEMENT
Title Challenge of sustainable development :
Statement of responsibility, etc edited by Ramprasad Sengupta [and] Anup K. Sinha
Remainder of title indian dynamics /
260 ## - PUBLICATION, DISTRIBUTION, ETC. (IMPRINT)
Place of publication, distribution, etc Calcutta
Date of publication, distribution, etc 2003
Name of publisher, distributor, etc Manak publications
270 ## - ADDRESS
City Calcutta
Address India institute of management
300 ## - PHYSICAL DESCRIPTION
Extent 380p.
Dimensions 23cm(Hb)
500 ## - GENERAL NOTE
General note Includes index
650 ## - SUBJECT ADDED ENTRY--TOPICAL TERM
Topical term or geographic name as entry element Ecocomics
9 (RLIN) 13549
650 ## - SUBJECT ADDED ENTRY--TOPICAL TERM
Topical term or geographic name as entry element Sustainable development
9 (RLIN) 7813
700 ## - ADDED ENTRY--PERSONAL NAME
Personal name Sengupta, Ramprasad
9 (RLIN) 13536
700 ## - ADDED ENTRY--PERSONAL NAME
Personal name Sinha, Anup K.
9 (RLIN) 13537
942 ## - ADDED ENTRY ELEMENTS (KOHA)
Source of classification or shelving scheme Dewey Decimal Classification
Koha item type English Books
Classification part 338.9
Call number suffix CHA
Holdings
Withdrawn status Lost status Damaged status Not for loan Home library Current library Date acquired Source of acquisition Cost, normal purchase price Total Checkouts Full call number Barcode Date last seen Copy number Cost, replacement price Price effective from Koha item type
        Central Library Central Library 20/06/2015 Cen Lib/Ret 0.00   338.9 CHA B-120338 20/06/2015 1 0.00 20/06/2015 English Books

© Delhi Public Library
Hit Counter
free hit counter